Trasnacionalidad y trasnacionalismo /

Guardado en:
Bibliografiske detaljer
Hovedforfatter: Moctezuma Longoria, Miguel
Format: Texto
Fag:
Tags: Tilføj Tag
Ingen Tags, Vær først til at tagge denne postø!

MARC

LEADER 00000 a a2200000 04500
001 11681
003
040
100 |a Moctezuma Longoria, Miguel  
245 |a Trasnacionalidad y trasnacionalismo /  |c Miguel Moctezuma Longoria 
650 |a MIGRACION INTERNACIONAL  
650 |a TRANSNACIONALISMO  
650 |a MIGRANTES  
773 |g volumen 14, número 57; páginas 39-64  
999 |c 38334  |d 38334